Normal view
MARC view
Entry Personal Name
001 - CONTROL NUMBER
- control field: 6415
003 - CONTROL NUMBER IDENTIFIER
- control field: dpl
005 - DATE AND TIME OF LATEST TRANSACTION
- control field: 20100805103735.0
008 - FIXED-LENGTH DATA ELEMENTS
- fixed length control field: 100805|||a|||||| | ||| d
040 ## - CATALOGING SOURCE
- Original cataloging agency: dpl
- Transcribing agency: dpl
100 ## - HEADING--PERSONAL NAME
- Personal name: अनन्तमूर्ति, यू.आर.
670 ## - SOURCE DATA FOUND
- Source citation: Work cat.: (dpl): अनन्तमूर्ति, यू.आर., अवस्था /, 1995
670 ## - SOURCE DATA FOUND
- Source citation: Work cat.: (dpl): अनन्तमूर्ति, यू.आर., अवस्था /, 1995
